MLB teams by picture - Statistics

General Stats
  • This quiz has been taken 154 times
  • The average score is 22 of 30
Answer Stats
Picture Answer % Correct
Red sox
94%
Phillies
89%
Indians
87%
White sox
83%
Cubs
82%
Pirates
81%
Blue Jays
80%
Tigers
80%
Cardinals
79%
Giants
79%
Diamondbacks
78%
Marlins
78%
Rays
77%
Brewers
76%
Reds
76%
Angels
75%
Orioles
73%
Rockies
72%
Dodgers
71%
Astros
70%
Nationals
70%
Royals
70%
Yankees
70%
Twins
66%
Braves
59%
Mets
58%
Padres
58%
Athletics
55%
Rangers
55%
Mariners
54%
No matching quizzes found
Score Distribution
Percent of People with Each Score
Percentile by Number Answered
Your Score History
You have not taken this quiz